Statystyki dla 25 najludniejszych miast w RPA

Kliknij tutaj aby rozwiązać quiz!

Ogólne statystyki

  • Ten quiz został rozwiązany 23 razy
  • Średni wynik to 5 z 25

Statystyki odpowiedzi

Nr.Liczba ludnościMiasto% Poprawnych
1.3,433,441Kapsztad
95%
5.1,619,438Pretoria
90%
3.2,026,469Johannesburg
85%
12.463,064Bloemfontein
60%
2.3,120,282Durban
60%
6.967,677Port Elizabeth
45%
10.478,676East London
15%
7.750,845Pietermaritzburg
15%
15.404,838Newcastle
10%
13.445,168Boksburg
5%
4.1,695,047Soweto
5%
9.511,655Tembisa
5%
14.431,944Welkom
5%
8.605,344Benoni
0%
17.309,714Botshabelo
0%
18.305,692Brakpan
0%
22.233,386Centurion
0%
16.378,821Krugersdorp
0%
25.187,865Noorder-Paarl
0%
20.252,968Richards Bay
0%
24.225,000Roodepoort
0%
23.228,912Uitenhage
0%
21.246,754Vanderbijlpark
0%
11.474,681Vereeniging
0%
19.262,491Witbank
0%

Rozkład punktacji

Percentyl według liczby udzielonych odpowiedzi

Procent ludzi z każdym wynikiem

Twoja historia wyników

Nie rozwiązałeś tego quizu